Cost-effectiveness in traffic safety.

Saved in:
Bibliografiske detaljer
Institution som forfatter: Arthur D. Little, Inc
Format: Bog
Sprog:English
Udgivet: New York : Praeger, [1968]
Fag:
LEADER 00763nam a22002171a 4500
001 c000120560
003 CARM
005 00000000000000.0
008 900115s1968 nyu 00000 eng d
019 1 |a 55561481  |z 6892589  |z 53525517  |5 LACONCORD2021 
035 |a (OCoLC)238006  |5 LACONCORD2021 
082 0 4 |a 614.8/62 
110 2 0 |a Arthur D. Little, Inc. 
245 1 0 |a Cost-effectiveness in traffic safety. 
260 |a New York :  |b Praeger,  |c [1968] 
300 |a 167 p. 
650 0 |a Traffic safety. 
650 0 |a Cost effectiveness. 
852 8 |b CARM  |h A2:AL11E0  |i C05010  |p 0201808  |f BK 
999 f f |i 65f8e108-94a5-583d-aba9-34efb0fb9bf7  |s 4f85ecfa-fb0f-5fb1-9c6f-c92361d8727b 
952 f f |p Can circulate  |a CAVAL  |b CAVAL  |c CAVAL  |d CARM 1 Store  |e C05010  |f A2:AL11E0  |h Other scheme  |i book  |m 0201808